000 00274nam a2200121 i 4500
001 bg
245 0 _aSlucajnyje processy i statisticeskie wywody.
260 _aTasckent,
_c1971.
040 _cBPK
041 _apol
942 _cKS
008 s pl f |000 0 pol
999 _c9165
_d9165
856 _uhttp://koha.tu.koszalin.pl/cgi-bin/koha/opac-detail.pl?biblionumber=9165
_yKatalog online BPK